<?xml version="1.0" encoding="UTF-8"?>
<marc:record xmlns:marc="http://www.loc.gov/MARC21/slim">
   <marc:leader>00000nam a2200000 a 4500</marc:leader>
   <marc:datafield ind1="1" ind2=" " tag="100">
      <marc:subfield code="a">Solnit, Rebecca</marc:subfield>
      <marc:subfield code="4">aut</marc:subfield>
      <marc:subfield code="e">Verfasser/-in</marc:subfield>
   </marc:datafield>
   <marc:datafield ind1="1" ind2=" " tag="100">
      <marc:subfield code="a">Mundhenk, Michael</marc:subfield>
      <marc:subfield code="4">trl</marc:subfield>
      <marc:subfield code="e">Übersetzer/-in</marc:subfield>
   </marc:datafield>
   <marc:datafield ind1=" " ind2=" " tag="653">
      <marc:subfield code="a">Essays</marc:subfield>
   </marc:datafield>
   <marc:datafield ind1=" " ind2=" " tag="653">
      <marc:subfield code="a">Kulturgeschichte</marc:subfield>
   </marc:datafield>
   <marc:datafield ind1=" " ind2=" " tag="653">
      <marc:subfield code="a">Geschichte</marc:subfield>
   </marc:datafield>
   <marc:datafield ind1=" " ind2=" " tag="653">
      <marc:subfield code="a">Kulturkritik</marc:subfield>
   </marc:datafield>
   <marc:datafield ind1=" " ind2=" " tag="653">
      <marc:subfield code="a">Eroberung</marc:subfield>
   </marc:datafield>
   <marc:datafield ind1=" " ind2=" " tag="653">
      <marc:subfield code="a">Verlieren</marc:subfield>
   </marc:datafield>
   <marc:datafield ind1=" " ind2=" " tag="653">
      <marc:subfield code="a">Wege</marc:subfield>
   </marc:datafield>
   <marc:datafield ind1=" " ind2=" " tag="653">
      <marc:subfield code="a">Pfade</marc:subfield>
   </marc:datafield>
   <marc:datafield ind1=" " ind2=" " tag="653">
      <marc:subfield code="a">Gehen</marc:subfield>
   </marc:datafield>
   <marc:datafield ind1=" " ind2=" " tag="653">
      <marc:subfield code="a">Softcover / Ratgeber/Lebenshilfe</marc:subfield>
   </marc:datafield>
   <marc:datafield ind1=" " ind2=" " tag="653">
      <marc:subfield code="a">Alltag</marc:subfield>
   </marc:datafield>
   <marc:datafield ind1="0" ind2="0" tag="245">
      <marc:subfield code="a">Die Kunst, sich zu verlieren</marc:subfield>
   </marc:datafield>
   <marc:datafield ind1="0" ind2="0" tag="245">
      <marc:subfield code="b">ein Wegweiser</marc:subfield>
   </marc:datafield>
   <marc:datafield ind1="0" ind2="0" tag="245">
      <marc:subfield code="c">Rebecca Solnit ; aus dem amerikanischen Englisch von Michael Mundhenk</marc:subfield>
   </marc:datafield>
   <marc:datafield ind1=" " ind2="1" tag="264">
      <marc:subfield code="a">Berlin</marc:subfield>
      <marc:subfield code="b">Matthes &amp; Seitz</marc:subfield>
   </marc:datafield>
   <marc:datafield ind1=" " ind2=" " tag="250">
      <marc:subfield code="a">Erste Auflage</marc:subfield>
   </marc:datafield>
   <marc:datafield ind1="1" ind2=" " tag="520">
      <marc:subfield code="a">Angaben aus der Verlagsmeldung

Die Kunst, sich zu verlieren : Ein Wegweiser A field guide to getting lost / von Rebecca Solnit

Geschichten des Verschwindens, des SichVerlierens, des VerlorenGehens und des Sich- Wiederfindens. Trost und Anleitung zu einem freieren Leben. Rebecca Solnit erzählt die Geschichte des spanischen Konquisitadors Cabeza de Vaca, der sich auf dem amerikanischen Kontinent verliert, um als anderer Mensch und in neuer Haut zu sich selbst zu finden; sie schreibt über das Leben ihrer Urgroßmutter, die erst zwischen dem Russischen, Polnischen und Jiddischen und dann auf ihrem Weg von Osteuropa an die amerikanische Westküste verloren geht; sie berichtet von sich und ihrer Welt. Immer geht es um Verlassenheit und Hingabe, um Geschichten als Pfade, um das Einschla gen unbekannter Wege. Sanft verführt sie uns zum Abschweifen. Wie in Wanderlust, ihrer Kulturgeschichte des Gehens, beweist die Autorin auch in Die Kunst, sich zu verlieren ihre glasklare Beobachtungsgabe, mit der sie unsere Bereitschaft weckt, zufälligen und überraschenden Entdeckungen nachzugehen. Wie keine Zweite versteht sie es, Lebensgeschichte als das zu erzählen, was sie ist: eine Ansammlung von persönlichen, erlebten, erträumten, gefundenen und erfundenen Geschichten, die Rebecca Solnit gleich einer Goldgräberin birgt und mit uns teilt.
</marc:subfield>
   </marc:datafield>
   <marc:datafield ind1=" " ind2=" " tag="020">
      <marc:subfield code="a">9783957579539</marc:subfield>
      <marc:subfield code="9">9783957579539</marc:subfield>
   </marc:datafield>
   <marc:datafield ind1=" " ind2=" " tag="020">
      <marc:subfield code="a">3957579538</marc:subfield>
      <marc:subfield code="9">3957579538</marc:subfield>
   </marc:datafield>
   <marc:datafield ind1=" " ind2=" " tag="041">
      <marc:subfield code="a">ger</marc:subfield>
   </marc:datafield>
   <marc:datafield ind1=" " ind2=" " tag="300">
      <marc:subfield code="a">203 Seiten</marc:subfield>
   </marc:datafield>
</marc:record>
